000 00700nam a2200253Ia 4500
003 OSt
005 20221007070711.0
006 a|||||r|||| 00| 0
007 ta
008 221006b |||||||| |||| 00| 0 eng d
024 _a44,383
037 _cTextual
040 _aFLL
_cFLL
_beng
041 _2eng
_aeng
082 _aX:321:Z2qN86, Q7
100 _aRAO Y.V.
_9687586
245 0 _aCommentary on the Consumer Protection Act, 1986
250 _a4th
260 _aGurgaon
_bThomson reuters India
_c2017
300 _a1200p.
_ccm.
500 _aForwarded by Justice I.Venkatanarayana
942 _hX:321:Z2qN86, Q7
_cTEXL
_2CC
999 _c1141281
_d1141281